| 000 -LEADER |
| fixed length control field |
00831nam a22002057a 4500 |
| 005 - DATE AND TIME OF LATEST TRANSACTION |
| control field |
20260317114052.0 |
| 008 - FIXED-LENGTH DATA ELEMENTS--GENERAL INFORMATION |
| fixed length control field |
260317b ||||| |||| 00| 0 eng d |
| 020 ## - INTERNATIONAL STANDARD BOOK NUMBER |
| International Standard Book Number |
9781338326024 |
| 040 ## - CATALOGING SOURCE |
| Transcribing agency |
KH8 |
| 082 ## - DEWEY DECIMAL CLASSIFICATION NUMBER |
| Classification number |
741.5 |
| 100 ## - MAIN ENTRY--PERSONAL NAME |
| Personal name |
BENTON,JIM |
| Relator term |
AUTHOR |
| 245 ## - TITLE STATEMENT |
| Title |
CATWAD |
| Remainder of title |
IT'S ME. |
| 260 ## - PUBLICATION, DISTRIBUTION, ETC. |
| Name of publisher, distributor, etc. |
Graphix Media,an imprint of Scholastic Inc |
| Date of publication, distribution, etc. |
2019 |
| 300 ## - PHYSICAL DESCRIPTION |
| Extent |
125 pages |
| Other physical details |
colour illustration |
| Dimensions |
15cm x 23cm |
| 520 ## - SUMMARY, ETC. |
| Summary, etc. |
Meet Catwad. He's blue, he's a bit of a grouch, and his best friend is a happy-go-lucky cat named Blurmp who can see the bright side of anything. From pizza and computers to love and happiness, this furball has a funny take on just about everything, and he's not afraid to share it.-Publisher- |
| 650 ## - SUBJECT ADDED ENTRY--TOPICAL TERM |
| Topical term or geographic name entry element |
Juvenile Non Fiction |
| Form subdivision |
Cats |
| 655 ## - INDEX TERM--GENRE/FORM |
| Genre/form data or focus term |
Graphic Novel |
| 655 ## - INDEX TERM--GENRE/FORM |
| Genre/form data or focus term |
Humour |
| 942 ## - ADDED ENTRY ELEMENTS (KOHA) |
| Source of classification or shelving scheme |
|
| Koha item type |
Graphic Novel |